000 00727nam a2200217Ia 4500
008 130821s2004 xxua gs eng
040 _aCo-BoUCM
_bspa
041 0 0 _aeng
092 _aDVD 0512
245 0 0 _aLymphatic drainage massage
_c[DVD]
_ccon Sean Riehl
260 _aSanta Bárbara (California, Estados Unidos)
_bReal Bodywork
_c2004
300 _a1 DVD (90 min. )
_bson., color
505 _aTheory. -- Tecnique. -- Self massage. -- Interview. -- Other videos.
546 _aAudio en Inglés.
650 0 4 _aDrenaje quirúrgico
_vDVD
_913586
650 0 4 _aMasaje terapéutico
_vDVD
_919012
650 0 4 _aRehabilitación
_9361
700 1 _aRiehl, Sean
710 2 _aReal Bodywork
942 _cMULTIMEDIA
_2LOCAL
_a26
_e1
999 _c65201
_d65201